000
00190nam a2200085Ia 4500
008
120527s9999 xx 000 0 und d
100
_a
Pinto, james
245
_a
What is Economics
942
_c
BK
999
_c
27090
_d
27090